000 00564aam a2200205 4500
005 20260320144158.0
008 150731b1977 xxu||||| |||| 00| 0 spa d
041 _aESP
082 _a364.177 L864d
100 _aLópez Bolado, Jorge
_917669
245 _aDrogas y otras sustancias estupefacientes: su tráfico y tenencia, situación actual
260 _aArgentina
260 _bPlus Ultra
260 _c1977
300 _a187 páginas
490 _aInvestigación Criminal
650 _aESTUPEFACIENTES
650 _aTRÁFICO DE DROGAS
942 _cBK
_2ddc
999 _c454
_d454